000 00732nam a22001817a 4500
999 _c371402
_d371402
008 201127b ||||| |||| 00| 0 eng d
040 _aDE-2950
_bger
_cDE-2950
_erda
041 _ager
245 _a"Oderhähne" auf ein Neues.
_bKabarett: Ein satirischer Trip in die Unterwelt - mit "Gullywärts Reisen" gibt es im Februar. Die zweite Premiere des Jahres im Keller des Rathauses /
_cKarin Sandow
264 _c2022
653 _aFrankfurt (Oder)
653 _aKabarett "Die Oderhähne"
773 _dFrankfurt (Oder) Märkisches Verlags- und Druckhaus GmbH & Co KG
_tMärkische Oderzeitung
_g33. Jahrgang (2022) Nr. 27 vom 02.02.2022, S. 16
942 _cA